000
00217nam a22001097a 4500
100
_a
Polya, G
245
_a
How To Solve It - Vol 2
250
_a
1985
260
_b
Prentice - Hall
300
_a
253
942
_2
ddc
_c
BK
999
_c
11514
_d
11514